000 00450cam a2200181ua 4500
001 13087
008 141126n2007 II |||gr||||Z||||||eng
040 _aMAIN
041 _aEnglish
082 _a910 RAO
100 _aRAO , RAM MOHAN .,
_eEDITOR .
245 _aGEOGRAPHIC INFORMATION SYSTEM
260 _aJAIPUR
_bRAWAT PUBLICATION
_c2007
300 _a200:
_c20CM.
653 _aGeography & travel
700 _aSHARIEFF , AFZAL .
942 _cBK
999 _c12974
_d12974